| 000 | 00417nam a2200133Ia 4500 | ||
|---|---|---|---|
| 008 | 231129s9999||||xx |||||||||||||| ||spa|| | ||
| 020 | _a970-10-5777-5 | ||
| 040 | _bspa | ||
| 082 | _a658.001 Ch532in | ||
| 100 | _aChiavenato Idalberto | ||
| 245 | 0 | _aIntroducción a la teoría general de la administración | |
| 264 | _aMéxico: McGraw-Hill/Interamericana | ||
| 942 |
_2ddc _cBKS |
||
| 999 |
_c15915 _d15915 |
||